| 000 | 00875nam a2200253 a 4500 | ||
|---|---|---|---|
| 001 | 000016385 | ||
| 003 | DO-SdBNP | ||
| 005 | 20250711131750.0 | ||
| 008 | 100304s1988 dr a 000 0 spa d | ||
| 040 |
_aDO-SdBNP _bspa _cBNPHU |
||
| 049 | _aBNPD | ||
| 082 |
_a513 _bL937a |
||
| 100 |
_aLuciano, Margarita _929227 |
||
| 245 | 1 | 3 |
_aEl ábaco : _belaboración y uso en la enseñanza de la matemática / _cMargarita Luciano ; ilustraciones Julio César Martínez. |
| 260 |
_aSanto Domingo : _bAmigo del Hogar, _c1988. |
||
| 300 |
_a74 p. : _bil. ; _c22 cm. |
||
| 490 | 1 | _aOrientaciones matemáticas | |
| 500 | _aIncluye datos biográficos de la autora en la contracubierta | ||
| 650 | 0 |
_aÁbaco _936533 |
|
| 650 | 4 |
_aMatemáticas _xInstrumentos _936534 |
|
| 700 | 1 |
_aMartínez, Julio César, _eil. _91263 |
|
| 830 | 0 |
_aOrientaciones matemáticas _936535 |
|
| 942 |
_2ddc _cLBS1 |
||
| 999 |
_c15920 _d15920 |
||